000 00632nam a22002177a 4500
003 UA-OsUOA
001 56046
007 ta
008 20080930b un ||||| |||| 00| 0 ukr d
100 _aПашко П.В.
090 _a330
_bП22
942 _cSA
040 _aUA-OsUOA
_bukr
_cUA-OsUOA
_dUA-OsUOA
245 _aМитна складова в системі економічної безпеки держави
300 _aС.7-12
955 _a0
041 _aukr
080 _a330
773 0 _w56045
_tРегіональна економіка
_dЛьвів
_d2008
_g2
650 7 _a330 Економіка взагалі
_2UDC
999 _c342351
_d342351